<?xml version="1.0" encoding="UTF-8"?>
<record
    xmlns:xsi="http://www.w3.org/2001/XMLSchema-instance"
    xsi:schemaLocation="http://www.loc.gov/MARC21/slim http://www.loc.gov/standards/marcxml/schema/MARC21slim.xsd"
    xmlns="http://www.loc.gov/MARC21/slim">

  <leader>02752nam a22002777a 4500</leader>
  <controlfield tag="008">251014b        |||||||| |||| 00| 0 eng d</controlfield>
  <datafield tag="020" ind1=" " ind2=" ">
    <subfield code="a">9788411573245</subfield>
  </datafield>
  <datafield tag="040" ind1=" " ind2=" ">
    <subfield code="c">tbs</subfield>
  </datafield>
  <datafield tag="041" ind1=" " ind2=" ">
    <subfield code="a">eng</subfield>
  </datafield>
  <datafield tag="100" ind1=" " ind2=" ">
    <subfield code="a">D&#xED;az Guti&#xE9;rrez, Eva</subfield>
    <subfield code="9">26154</subfield>
    <subfield code="e">author</subfield>
  </datafield>
  <datafield tag="245" ind1=" " ind2=" ">
    <subfield code="a">Mundo profesional 1</subfield>
    <subfield code="b">: edici&#xF3;n h&#xED;brida : libro + plataforma digital : curso de espa&#xF1;ol para &#xE1;mbitos profesionales A1-A2</subfield>
    <subfield code="c">/ Eva D&#xED;az Guti&#xE9;rrez, Eva Narvajas Col&#xF3;n, Pilar P&#xE9;rez Ca&#xF1;izares, Mar&#xED;a Su&#xE1;rez Lasierra.</subfield>
  </datafield>
  <datafield tag="260" ind1=" " ind2=" ">
    <subfield code="a">Barcelona :</subfield>
    <subfield code="b">Difusi&#xF3;n, </subfield>
    <subfield code="c">2025.</subfield>
  </datafield>
  <datafield tag="300" ind1=" " ind2=" ">
    <subfield code="a">189 pages :</subfield>
    <subfield code="b">illustrations (color) ;</subfield>
    <subfield code="c">28 cm.</subfield>
  </datafield>
  <datafield tag="490" ind1=" " ind2=" ">
    <subfield code="a">Mundo profesional ;</subfield>
    <subfield code="v">1</subfield>
  </datafield>
  <datafield tag="520" ind1=" " ind2=" ">
    <subfield code="a">Un manual ideal para aprender a usar el espa&#xF1;ol en contextos profesionales.

&#x2022; Ofrece una visi&#xF3;n de las realidades empresariales y profesionales del mundo hispanohablante.

&#x2022; Forma a los usuarios para comunicarse de manera efectiva en el entorno laboral: videoconferencias, correos electr&#xF3;nicos, mensajer&#xED;a y m&#xE1;s.

&#x2022; La estructura es muy clara, con una progresi&#xF3;n equilibrada de contenidos.

&#x2022; Cada unidad incluye un resumen del vocabulario, la gram&#xE1;tica y los recursos comunicativos m&#xE1;s importantes.

&#x2022; Se presta especial atenci&#xF3;n a los aspectos interculturales.

&#x2022; Desarrolla todas las competencias con un enfoque particular en la mediaci&#xF3;n.

&#x2022; Ofrece videos aut&#xE9;nticos.

&#x2022; Edici&#xF3;n h&#xED;brida: libro + plataforma digital con una gran cantidad de recursos (libro interactivo, audio, videos, ex&#xE1;menes, glosarios, etc.).</subfield>
  </datafield>
  <datafield tag="520" ind1=" " ind2=" ">
    <subfield code="a">An ideal textbook for learning to use Spanish in professional contexts.

&#x2022; Provides insight into the business and professional realities of the Spanish-speaking world.
&#x2022; Trains learners to communicate effectively in the workplace: videoconferences, emails, messaging, and more.
&#x2022; Features a clear structure with a balanced progression of content.
&#x2022; Each unit includes a summary of the most important vocabulary, grammar, and communication tools.
&#x2022; Pays special attention to intercultural aspects.
&#x2022; Develops all skills, with a particular focus on mediation.
&#x2022; Includes authentic videos.
&#x2022; Hybrid edition: book + digital platform with a wide range of resources (interactive book, audio, videos, exams, glossaries, etc.).</subfield>
  </datafield>
  <datafield tag="650" ind1=" " ind2="0">
    <subfield code="a">Spanish language </subfield>
    <subfield code="x">Grammar</subfield>
    <subfield code="9">10270</subfield>
  </datafield>
  <datafield tag="650" ind1=" " ind2="0">
    <subfield code="a">Spanish language</subfield>
    <subfield code="x">Study and teaching</subfield>
    <subfield code="9">26155</subfield>
  </datafield>
  <datafield tag="650" ind1=" " ind2="0">
    <subfield code="a">Spanish language </subfield>
    <subfield code="x">Study and teaching </subfield>
    <subfield code="x">Foreign speakers</subfield>
    <subfield code="9">12080</subfield>
  </datafield>
  <datafield tag="650" ind1=" " ind2="0">
    <subfield code="a">Spanish language</subfield>
    <subfield code="v">Composition and exercises</subfield>
    <subfield code="9">26157</subfield>
  </datafield>
  <datafield tag="650" ind1=" " ind2="0">
    <subfield code="a">Spanish language</subfield>
    <subfield code="x">Business Spanish</subfield>
    <subfield code="9">26156</subfield>
  </datafield>
  <datafield tag="700" ind1=" " ind2=" ">
    <subfield code="a">Narvajas Col&#xF3;n, Eva</subfield>
    <subfield code="9">26160</subfield>
    <subfield code="e">author</subfield>
  </datafield>
  <datafield tag="700" ind1=" " ind2=" ">
    <subfield code="a">P&#xE9;rez Ca&#xF1;izares, Pilar</subfield>
    <subfield code="9">26161</subfield>
    <subfield code="e">author</subfield>
  </datafield>
  <datafield tag="700" ind1=" " ind2=" ">
    <subfield code="a">Su&#xE1;rez Lasierra, Mar&#xED;a</subfield>
    <subfield code="9">26162</subfield>
    <subfield code="e">author</subfield>
  </datafield>
  <datafield tag="942" ind1=" " ind2=" ">
    <subfield code="2">lcc</subfield>
  </datafield>
  <datafield tag="952" ind1=" " ind2=" ">
    <subfield code="0">0</subfield>
    <subfield code="1">0</subfield>
    <subfield code="2">lcc</subfield>
    <subfield code="4">0</subfield>
    <subfield code="7">0</subfield>
    <subfield code="a">TBS</subfield>
    <subfield code="b">TBS</subfield>
    <subfield code="d">2025-10-14</subfield>
    <subfield code="l">0</subfield>
    <subfield code="o">P-SP LEARN DIA</subfield>
    <subfield code="p">B07688</subfield>
    <subfield code="r">2025-10-14</subfield>
    <subfield code="t">1</subfield>
    <subfield code="w">2025-10-14</subfield>
    <subfield code="y">SPANISH</subfield>
  </datafield>
  <datafield tag="999" ind1=" " ind2=" ">
    <subfield code="c">5046</subfield>
    <subfield code="d">5046</subfield>
  </datafield>
</record>
